Introduction to Psychology (Record no. 9578)
[ view plain ]
| 000 -LEADER | |
|---|---|
| fixed length control field | 00611nam a22001937a 4500 |
| 003 - CONTROL NUMBER IDENTIFIER | |
| control field | OSt |
| 005 - DATE AND TIME OF LATEST TRANSACTION | |
| control field | 20260421064551.0 |
| 008 - FIXED-LENGTH DATA ELEMENTS--GENERAL INFORMATION | |
| fixed length control field | 260421b |||||||| |||| 00| 0 eng d |
| 020 ## - INTERNATIONAL STANDARD BOOK NUMBER | |
| International Standard Book Number | 971-574-021-9 |
| 040 ## - CATALOGING SOURCE | |
| Original cataloging agency | OC |
| Transcribing agency | DWC-Main Lib |
| 082 ## - DEWEY DECIMAL CLASSIFICATION NUMBER | |
| Edition number | 3rd ed. |
| Classification number | Fil. 150 In8 1999 |
| 100 ## - MAIN ENTRY--PERSONAL NAME | |
| Personal name | Bustos, A. |
| 245 ## - TITLE STATEMENT | |
| Title | Introduction to Psychology |
| Statement of responsibility, etc. | Bustos, Alicia A. |
| 250 ## - EDITION STATEMENT | |
| Edition statement | 3rd edition |
| 260 ## - PUBLICATION, DISTRIBUTION, ETC. | |
| Place of publication, distribution, etc. | Philippines : |
| Date of publication, distribution, etc. | Katha Publishing Co., Inc. |
| 300 ## - PHYSICAL DESCRIPTION | |
| Extent | xi 299 pages ; |
| Dimensions | 25 cm. |
| 504 ## - BIBLIOGRAPHY, ETC. NOTE | |
| Bibliography, etc. note | Include index. |
| 942 ## - ADDED ENTRY ELEMENTS (KOHA) | |
| Source of classification or shelving scheme | Dewey Decimal Classification |
| Koha item type | Book-Filipiniana |
| Edition | 3rd edition |
| Classification part | Fil. 150 In8 1999 |
| Call number prefix | Fil. |
| Suppress in OPAC | No |
| 952 ## - LOCATION AND ITEM INFORMATION (KOHA) | |
| -- | |
| Withdrawn status | Lost status | Source of classification or shelving scheme | Damaged status | Not for loan | Home library | Current library | Shelving location | Date acquired | Source of acquisition | Cost, normal purchase price | Total Checkouts | Full call number | Barcode | Date last seen | Copy number | Price effective from | Koha item type | Uniform Resource Identifier |
|---|---|---|---|---|---|---|---|---|---|---|---|---|---|---|---|---|---|---|
| Dewey Decimal Classification | College Library | College Library | Filipiniana | 04/21/2026 | School Funds | 225.00 | Fil. 150 In8 1999 | CL33343 | 04/21/2026 | c1 | 04/21/2026 | BK - FIL |